| 000 | 00924nam a2200253 a 4500 | ||
|---|---|---|---|
| 999 |
_c447567 _d447567 |
||
| 003 | BLK | ||
| 005 | 20230628122510.0 | ||
| 008 | 220308b bu |||||r|||| 00| | bu d | ||
| 040 | _aBLK | ||
| 041 |
_aBUL _cBUL |
||
| 080 |
_aАрхитектура на сгради _b721 _x(497.215)(062) _z721(497.215)(062) |
||
| 139 | _bС 71 | ||
| 245 |
_aСтарите сгради разказват _h[Малотир. изд.] |
||
| 260 |
_9441842 _aРусе _bб. и. _c1997 |
||
| 300 |
_a32 с. _c20 см |
||
| 380 | _a7 | ||
| 500 | _aСредно общообразователно училище по древни езици "Св. Константин-Кирил Философ" | ||
| 653 | 7 |
_9181371 _aархитектурни паметници |
|
| 653 | 7 |
_9195843 _aРусе |
|
| 653 | 0 |
_9451983 _aстаринни сгради |
|
| 852 |
_bК _cК 7/С 71 |
||
| 942 |
_cKNG _n0 _s1 _01 |
||
| 944 |
_aCR _c2022-03-02 _kА.М. |
||